000 00260nam a2200097Ia 4500
001 1207985
005 20250827022837.0
008 250824s9999 xx 000 0 und d
245 0 _aSAFAHATTAN SEÇMELER
_cMEHMET AKİF ERSOY
260 _bK.B.B. KÜLTÜR YAYINLARI
999 _c1207985
_d1207985